Prefectures of Central African Republic on a map (2025) - Statistics

General Stats
  • This quiz has been taken 237 times
  • The average score is 10 of 20
Answers on the Map
Answers color-coded by a green-red scale on the quiz's map according to % correct below.
 
Answer Stats
Prefecture % Correct
Bangui
86%
Ouham
59%
Haute-Kotto
52%
Mambéré
52%
Mbomou
52%
Ouaka
52%
Basse-Kotto
48%
Haut-Mbomou
48%
Kémo
48%
Lim-Pendé
48%
Ouham-Fafa
48%
Lobaye
45%
Ouham-Pendé
45%
Sangha-Mbaéré
45%
Vakaga
45%
Mambéré-Kadéï
41%
Nana-Mambéré
41%
Ombella-M'Poko
41%
Bamingui-Bangoran
38%
Nana-Grébizi
38%
No matching quizzes found
Score Distribution
Percent of People with Each Score
Percentile by Number Answered
Your Score History
You have not taken this quiz